| 000 | 00000nam 2200000zi 4500 |
| 001 | 9.937738 |
| 003 | CaOODSP |
| 005 | 20240716092311 |
| 006 | m o d f |
| 007 | cr mn||||||||| |
| 008 | 240503t20242024onc ob f000 0 fre d |
| 020 | |a9780660717494 |
| 040 | |aCaOODSP|bfre|erda|cCaOODSP |
| 043 | |an-cn--- |
| 045 | |ay2y2 |
| 086 | 1 |aHP5-245/2024F-PDF |
| 245 | 00|aEnquête sur la couverture vaccinale contre la COVID-19 auprès des populations vulnérables et difficiles à atteindre (ECVCVD) 2024 : |brapport méthodologique / |cpréparé pour l'Agence de la santé publique du Canada. |
| 264 | 1|a[Ottawa] : |bAgence de la santé publique du Canada = Public Health Agency of Canada, |c2024. |
| 264 | 4|c©2024 |
| 300 | |a1 ressource en ligne (51 pages) + |esommaire exécutif (5 pages) |
| 336 | |atexte|btxt|2rdacontent/fre |
| 337 | |ainformatique|bc|2rdamedia/fre |
| 338 | |aressource en ligne|bcr|2rdacarrier/fre |
| 500 | |aTitre de la couverture. |
| 500 | |aPublié aussi en anglais sous le titre : Vulnerable and hard-to-reach populations COVID-19 immunization coverage survey (VHCICS) 2024: methodological report. |
| 500 | |a« Nom du fournisseur : Advanis Inc. » |
| 500 | |a« Numéro de contrat : 6D142-23-5012. » |
| 500 | |a« Numéro d'enregistrement : POR 092-23. » |
| 500 | |a« Date de livraison : 7 mai 2024. » |
| 504 | |aComprend des références bibliographiques. |
| 520 | |a« L'objectif principal de ce projet était de maintenir un outil de surveillance permettant de mieux comprendre les informations liées à la couverture vaccinale contre la COVID-19 chez certaines populations vulnérables et difficiles à atteindre. Plus précisément, cette enquête visait à recueillir des informations sur: Le statut vaccinal contre la COVID-19; Le statut vaccinal contre la grippe saisonnière; L’intention de se faire vacciner contre la COVID-19 chez ceux qui ne le sont pas encore; L’intention de se faire vacciner contre la grippe et le virus respiratoire syncytial (VRS); Les raisons de la non-vaccination (y compris les obstacles); Les connaissances, attitudes et croyances à l'égard des vaccins contre la COVID-19; Les sources d'information sur les vaccins contre la COVID-19 consultées par les répondants; Les inégalités dans le recours à la vaccination en fonction des caractéristiques sociodémographiques » -- Objectifs, page 4. |
| 650 | 6|aVaccins contre la COVID-19|zCanada|xOpinion publique. |
| 650 | 6|aCOVID-19|xVaccination|zCanada|xOpinion publique. |
| 650 | 6|aOpinion publique|zCanada. |
| 710 | 2 |aAgence de santé publique du Canada, |eorganisme de publication. |
| 710 | 2 |aAdvanis (Firme), |econsultant. |
| 775 | 08|tVulnerable and hard-to-reach populations COVID-19 immunization coverage survey (VHCICS) 2024 : |w(CaOODSP)9.937733 |
| 795 | |tEnquête sur la couverture vaccinale contre la COVID-19 auprès des populations vulnérables et difficiles à atteindre : |b2023|w(CaOODSP)9.923817 |
| 856 | 40|qPDF|s1.06 Mo|uhttps://publications.gc.ca/collections/collection_2024/aspc-phac/HP5-245-2024-fra.pdf|zRapport méthodologique |
| 856 | 40|qPDF|s266 Ko|uhttps://publications.gc.ca/collections/collection_2024/aspc-phac/HP5-245-2024-1-fra.pdf|zSommaire exécutif |
| 856 | 4 |qHTML|sS.O.|uhttps://epe.bac-lac.gc.ca/100/200/301/pwgsc-tpsgc/por-ef/public_health_agency_canada/2024/092-23-f/POR092-23-rapport.html|zRapport méthodologique |
| 856 | 4 |qHTML|sS.O.|uhttps://epe.bac-lac.gc.ca/100/200/301/pwgsc-tpsgc/por-ef/public_health_agency_canada/2024/092-23-f/sommaire/POR092-23-sommaire.html|zSommaire exécutif |